Normal view
MARC view
- تاليف كيلمن، ألين، اليسون وايت؛ ترجمة حسين عبده ربايعة
Entry Personal Name
001 - CONTROL NUMBER
- control field: 58948
003 - CONTROL NUMBER IDENTIFIER
- control field: JO-AjAnu
005 - DATE AND TIME OF LATEST TRANSACTION
- control field: 20230606083637.0
008 - FIXED-LENGTH DATA ELEMENTS
- fixed length control field: 230606|| aca||aabn | a|a d
040 ## - CATALOGING SOURCE
- Original cataloging agency: JO-AjAnu
- Transcribing agency: JO-AjAnu
100 ## - HEADING--PERSONAL NAME
- Personal name: تاليف كيلمن، ألين، اليسون وايت؛ ترجمة حسين عبده ربايعة
670 ## - SOURCE DATA FOUND
- Source citation: Work cat.: (JO-AjAnu)30070: تاليف كيلمن، ألين، اليسون وايت؛ ترجمة حسين عبده ربايعة, author, التلعثم أو التأتاة